| 000 | 00753nam a2200265Ia 4500 | ||
|---|---|---|---|
| 005 | 20260121165851.0 | ||
| 008 | 008 260114s9999 xx 000 0 eng d | ||
| 020 | _a9783658184629 | ||
| 037 | _aEBOOK | ||
| 040 | _aCRL | ||
| 040 | _beng | ||
| 040 | _cCRL | ||
| 041 | _2eng | ||
| 041 | _aeng | ||
| 084 | _qCRL | ||
| 100 |
_aLígia Ferro, Marta Smagacz-Poziemska, M. Victoria Gómez, Sebastian Kurtenbach, Patrícia Pereira, Juan José Villalón _91057003 |
||
| 245 | 0 | _aMoving Cities – Contested Views on Urban Life | |
| 260 | _bSpringer | ||
| 260 | _bSpringer | ||
| 260 | _c2018 | ||
| 856 | _uhttps://link.springer.com/openurl?genre=book&isbn=978-3-658-18462-9 | ||
| 942 | _cEBOOK | ||
| 999 |
_c1622731 _d1622731 |
||